000 00902nam a2200289 i 4500
003 EG-GICUC
005 20260415091027.0
008 260415s1900 fr |||| |||| 00| 0 fre d
040 _aEG-GiCUC
_bfre
_cEG-GiCUC
_dEG-GiCUC
_eRda
082 0 4 _221
_a343.3
_bGA . D
092 0 4 _221
099 _aLaw1 10 343.3 GA . D 1900
100 1 _aGarraud, R.
_eAuteur
245 1 0 _aDroit Penal Francais /
_cR. GARRAUD
250 _aDeuxieme edition
264 _aParis :
_bLibrairie de la societe du recueil general,
_c1900.
300 _a762 page ;
_c 24 cm.
336 _2rda contenu
_a texte
337 _2rda medias
_aOrdinateur
338 _2 transporteur rda
_a Ressource en ligne
546 _aTexte en français
650 1 4 _aDroit de procédure pénale
_2qrmak
651 1 _2qrmak
856 4 0 _uhttps://fll.law.cu.edu.eg/fulltext/bks/B10-09074.pdf
905 _a161
942 _2ddc
_cBK
_e21
_n0
999 _c70995
_d70995